
Library Catalogue

| 000 -LEADER | |
|---|---|
| fixed length control field | 01074nam a2200229Ia 4500 |
| 003 - CONTROL NUMBER IDENTIFIER | |
| control field | OSt |
| 005 - DATE AND TIME OF LATEST TRANSACTION | |
| control field | 20260608124307.0 |
| 008 - FIXED-LENGTH DATA ELEMENTS--GENERAL INFORMATION | |
| fixed length control field | 160316s2011 xxu||||| |||| 00| 0 eng d |
| 020 ## - INTERNATIONAL STANDARD BOOK NUMBER | |
| International Standard Book Number | 9788175347328 (hbk.) |
| 040 ## - CATALOGING SOURCE | |
| Transcribing agency | NLS |
| 082 ## - DEWEY DECIMAL CLASSIFICATION NUMBER | |
| Classification number | 343.096 MAH |
| 100 ## - MAIN ENTRY--PERSONAL NAME | |
| Personal name | Mahanty Samareshwar |
| 245 ## - TITLE STATEMENT | |
| Title | Maritime jurisdiction and admiralty law in India : |
| Remainder of title | Including comprehensive on maritime-liens, maritime torts, injury, damages, claims, charter-parties, mortgages / |
| Statement of responsibility, etc. | Samareshwar Mahanty |
| 260 ## - PUBLICATION, DISTRIBUTION, ETC. | |
| Place of publication, distribution, etc. | New Delhi : |
| Name of publisher, distributor, etc. | Universal Law Publishing Co.Pvt.Ltd., |
| Date of publication, distribution, etc. | 2011. |
| 300 ## - PHYSICAL DESCRIPTION | |
| Extent | v, 278 p. : |
| Dimensions | 25 cm |
| 365 ## - TRADE PRICE | |
| Price amount | Rs. 550 |
| 505 ## - Contents | |
| Contents | CHAPTER I : NATURE OF ADMIRALTY LAW;<br/>CHAPTER II : HISTORY OF ADMIRALTY LAW;<br/>CHAPTER III : CONTENT AND SCOPE OF ADMIRALTY JURISDICTION;<br/>CHAPTER IV: MARITIME CLAIMS AND LIMITATION OF LIABILITY;<br/>CHAPTER V: ADMIRALTY LAW AND THE CONSTITUTION;<br/>CHAPTER VI: MARITIME SAFETY AND ANTI-PIRACY ACTIONS. |
| 650 ## - SUBJECT ADDED ENTRY--TOPICAL TERM | |
| Topical term or geographic name entry element | Limitation of liability- maritime safety, |
| 650 ## - SUBJECT ADDED ENTRY--TOPICAL TERM | |
| Topical term or geographic name entry element | Maritime Law |
| 700 ## - ADDED ENTRY--PERSONAL NAME | |
| Personal name | |
| -- | |
| 942 ## - ADDED ENTRY ELEMENTS (KOHA) | |
| Source of classification or shelving scheme | Dewey Decimal Classification |
| Koha item type | BOOKs |
| Withdrawn status | Lost status | Damaged status | Not for loan | Home library | Current library | Shelving location | Date acquired | Cost, normal purchase price | Total Checkouts | Total Renewals | Full call number | Barcode | Date last seen | Date last checked out | Price effective from | Koha item type |
|---|---|---|---|---|---|---|---|---|---|---|---|---|---|---|---|---|
| NLS | NLS | 30/05/2017 | 550.00 | 1 | 3 | 343.096 MAH | 27098 | 05/06/2026 | 11/07/2022 | 30/05/2017 | BOOKs |